• 首页
  • 本馆介绍
  • 公告通知
  • 最新文献
  • 馆藏检索
  • 电子资源
  • 读者导购
  • 参考咨询
  • 我的图书馆
  • 登录
  • 详细信息显示
  • 放入我的书架
  • 预约/预借图书
  • 作者相关作品
  • 分类相关作品
  • 丛书相关作品
  • 出版社相关作品

书目信息

  • 表格格式
  • 工作单格式
  • 卡片格式
书名: Statistical methods for health care research
作者: Barbara Hazard Munro.
分册号:
分册名:
出版地: Philadelphia :
 
出版社: Lippincott Williams & Wilkins
出版时间: c2005.
页数: xiii, 459. :
开本: 24 cm. +
丛书名:
中图分类号:
科图分类号:
其他分类号: R195.1
主题词:
电子资源: http://www.loc.gov/catdir/toc/ecip0416/2004007098.html     
000 01460nam 2200385 a 4500
001 E0763540582
004 001214740
005 20070713090314.98
008 4001uueng0000000
008 001 0 eng
010    @a2004007098
020    @a0781748402 (alk. paper).
020    @a0-7817-4627-2.
035    @a(DNLM)101211411
040    @aDNLM/DLC @cDLC @dDLC @dCcBjTSG
042    @apcc
050 00 @aRT81.5 @b.M86 2005
060 00 @aWA 950 @bM968s 2005
082 00 @a610/.7/27 @222
090    @aR195.1 @bM968/2005
090    @aR195.1
096    @aR195.1
099    @dR195.1@ex79=4
100 1  @aMunro, Barbara Hazard.
245 10 @aStatistical methods for health care research / @cBarbara Hazard Munro.
250    @a4th ed.
260    @aPhiladelphia :@bLippincott Williams & Wilkins,@cc2005.
300    @axiii, 459. :@bill. ;@c24 cm. +@e1 CD-ROM (4 3/4 in.).
504    @aIncludes bibliographical references (p. 467-475) and index.
650  0 @aNursing @xResearch @xStatistical methods.
650 12 @aHealth Services Research @xmethods.
650 12 @aStatistics.
650  0 @aMedical care @xResearch @xStatistical methods.
852 91 @bWWDY @k2-2005 @hR195.1 @iM968/2005
856 41 @3Table of contents @uhttp://www.loc.gov/catdir/toc/ecip0416/2004007098.html @b01 @c20050828 @lNLC09 @h1502 @b01 @c20050901 @lNLC09 @h1338 @b40 @c20051025 @lNLC09 @h1630 @b40 @c20051025 @lNLC09 @h1631 @b40 @c20051102 @lNLC09 @h0939
    
    Statistical methods for health care research / / Barbara Hazard Munro.-4th ed.-Philadelphia : : Lippincott Williams & Wilkins, , c2005.
    xiii, 459. : : ill. ; ; 24 cm. + + 1 CD-ROM (4 3/4 in.).
    Includes bibliographical references (p. 467-475) and index.
    
    ISBN 0781748402 (alk. paper).
    
●
相关链接 在E读中查询图书 在五车中查询图书 在当当中查询图书 在豆瓣中查询图书


正题名:Statistical methods for health care research     索取号:R195.1/x79=4         预约/预借

序号 登录号 条形码 馆藏地/架位号 状态 备注
1 0011258   300112580   第二样本阅览室/ [索取号:R195.1/x79=4] 在馆    
2 0011259   300112599   第四借阅区/ [索取号:R195.1/x79=4] 在馆    
3 0013193   300131934   第四借阅区/ [索取号:R195.1/x79=4] 在馆    
唐山师范学院图书馆 欢迎您!
大连网信软件有限公司© 版权所有